| 000 | 00731nam a22002417a 4500 | ||
|---|---|---|---|
| 008 | 131202b xxu||||| |||| 00| 0 eng d | ||
| 020 | _a81-7024-791-8 | ||
| 024 | _cAvailable | ||
| 037 | _cAvailable | ||
| 040 |
_aMBSTU LIBRARY _dMBSTU LIBRARY |
||
| 082 |
_222 _a364.1 SIC |
||
| 100 | _aSingh, Ajoib. | ||
| 245 | _aCrime in the west true horror stories. | ||
| 260 |
_aNew Delhi _bAPH Publishing Corporation. _c1996 |
||
| 300 |
_a23 cm. _b437 page _f1 _g23 cm. |
||
| 600 | _2Criminal offenses. | ||
| 650 | _2Criminal offenses. | ||
| 700 | _aSingh, Ajoib. | ||
| 270 |
_aNew Delhi _bNew Delhi _dIndia |
||
| 365 |
_b1200.00 _d1200.00 |
||
| 942 |
_2ddc _cBK |
||
| 999 |
_c923 _d923 |
||